000 01061nam a22002297a 4500
005 20110728112413.0
008 110728t xxu||||| |||| 00| 0 mar d
010 _aMAR-21157
020 _c250.00
_a97881909220155
035 _aMR-13815
037 _bDPL/PUB
040 _aDPL
_bMR
082 _a726.1
100 _930273
245 _aप्राचीन शिव आणि जैन मंदिरे /
246 _aPrachin Shiv Ani Jain Mandire
260 _aनांदेड
_bपूनम प्रकाशन
_c2011
270 _aमहात्मा फुले हाऊसिंग सोसायटी,तहसीलच्या पाटीमागे,कंधार,
_bनांदेड
_e431714
300 _a304पृ.
_c22सेमी(अजिल्द)
942 _2ddc
_cMR
_h726.1
_mप्राचीन
999 _c54522
_d54522